| 000 | 00413nam a2200169Ia 4500 | ||
|---|---|---|---|
| 003 | GCL | ||
| 008 | 140319s9999 xx 000 0 ara d | ||
| 040 |
_aGCL / _cGCL |
||
| 082 | 0 | 4 |
_a953.075 _bس ع |
| 245 | 1 | 0 | _aالعنوان عن تاريخ عمان |
| 300 | _a372 ص | ||
| 490 | _a | ||
| 650 | 0 | 4 | _aسلطنة عمان |
| 650 | 0 | 4 | _aسلطنة عمان - تاريخ |
| 650 | 0 | 4 | _aمسقط |
| 942 |
_2ddc _cBK |
||
| 999 |
_c37988 _d37988 |
||